000 00794cam a22002653a 4500
001 20479
003 PGUSA
005 20140828083431.0
008 070129s2007||||xxu|||||s|||||000 p eng d
040 _aPGUSA
_beng
042 _adc
050 4 _aPK
100 1 _aValmiki
245 1 0 _aLe Râmâyana - tome premier :
_bPoème sanscrit de Valmiky
_h[electronic resource] /
_cValmiki
260 _bProject Gutenberg,
_c2007
506 _aPublic domain in the USA.
516 _aElectronic text
653 _aEpic poetry, Sanskrit -- Translations into French
653 _aRama (Hindu deity) -- Fiction
653 _aFolklore -- India
700 1 _aFauche, Hippolyte,
_d1797-1869
830 0 _aProject Gutenberg
_v20479
856 4 0 _uhttp://www.gutenberg.org/ebooks/20479
942 _cEB
999 _c249734
_d249734